01567njm a2200277Ia 450000100060000000300090000600500170001500800410003204000130007304000130008610000200009910000180011910000370013724500640017425000110023826000110024926000610026030000100032130000290033150000380036050503860039851103340078465000470111870000550116570000690122054482IT-RoPAU20220918181201.0131025s9999 xx 000 0 und d aIT-RoPAU cIT-RoPAU aBattiato Franco eAutore musica gCodice autore musica SPICS: 9459 aGenesi opera in tre atti di Franco Battiato (2Lp Lmad 3031) a1a ed. aTORINO bFONIT CETRAc1987 [1a Ed.:1987 - Ed. Lingua Orig.: 1987] aDISCO c65 minuti (Testo: pag.) aMusica operistica. Musica lirica. aOpera in tre atti non propriamente ascrivibile ad un'ottica musicale colta, con parti musicali realizzate da Franco Battiato, pubblicata nel 1987. Essa contiene anche gli adattamenti in lingua moderna di alcuni testi antichi dal sanscrito, persiano, greco e turco, raccolti e adattati dall'artista siciliano. La prima dell'opera si tenne al Teatro Regio di Parma il 26 aprile 1987. aRoberto Juri Camisasca: canto e voce recitante; Louisa Kennedy: soprano; Donatella Saccardi: soprano; Vincenzo La Scola: tenore; Nicolas Christou: baritono; Orchestra Sinfonica dell'Emilia-Romagna Arturo Toscanini; Artisti del coro del Teatro Regio di Parma; maestro del coro: Adolfo Tanzi; direttore d'orchestra: Alessandro Nidi aOPERA [DISCHI]eCodice MATERIA SPICS: 9950 aBattiato FrancoeAutoregCodice autore SPICS: 9459 aTramonti TommasoeAutore testogCodice autore testo SPICS: 20797